000
00504nam a2200181Ia 4500
008
090123s9999 xx 000 0 und d
082
_b
32212
100
_a
पाध्ये भाऊ
245
_a
दावेदार
250
_a
1
260
_b
शब्दालय प्रकाशन
_c
1996
300
_a
135
600
_a
पाध्ये भाऊ
630
_a
दावेदार
700
_a
पाध्ये भाऊ
730
_a
दावेदार
942
_c
BOOK
999
_c
70272
_d
70272